Statistics for The Office Tile Select

Click here to take the quiz!

General Stats

  • This quiz has been taken 386 times
    (379 since last reset)
  • The average score is 21 of 24

Answer Stats

QuestionTileSelect% Correct
Regional ManagersOscar MartinezNo
100%
Stamford TransfersMichael ScottNo
99%
Stamford TransfersOscar MartinezNo
99%
Regional ManagersPam BeeslyNo
99%
Stamford TransfersRyan HowardNo
99%
Regional ManagersStanley HudsonNo
99%
Regional ManagersMichael ScottYes
98%
Regional ManagersDarryl PhilbinNo
97%
Stamford TransfersErin HannonNo
96%
Stamford TransfersKaren FilippelliYes
96%
Stamford TransfersGabe LewisNo
93%
Regional ManagersAndy BernardYes
90%
Regional ManagersDwight SchruteYes
89%
Regional ManagersJo BennettNo
88%
Stamford TransfersAndy BernardYes
84%
Stamford TransfersJosh PorterNo
84%
Stamford TransfersMartin NashYes
83%
Stamford TransfersTony GardnerYes
83%
Stamford TransfersHannah Smoterich-BarrYes
80%
Regional ManagersNellie BertramYes
76%
Regional ManagersJim HalpertYes
74%
Regional ManagersRobert CaliforniaYes
64%
Regional ManagersCreed BrattonYes
61%
Stamford TransfersJim HalpertYes
47%

Score Distribution

Percentile by Number Answered

Percent of People with Each Score

Your Score History

You have not taken this quiz since the last reset